[Event "VIII Torneo Int. Ciudad de Las Palmas"]
[Site "Las Palmas"]
[Date "1979.07.27"]
[Round "3"]
[White "Tatai, Stefano"]
[Black "Bellon Lopez, Juan Manuel"]
[Result "1-0"]
[WhiteElo "2475"]
[BlackElo "2395"]
[PlyCount "85"]
[EventDate "1979.??.??"]

1. d4 d5 2. c4 dxc4 3. Nf3 Nd7 4. Qa4 Ngf6 5. Nc3 c6 6. Qxc4 Nb6 7. Qd3 Be6 8.
Qc2 Bg4 9. e3 e6 10. Be2 Nbd5 11. O-O Bf5 12. e4 Bg6 13. Qb3 Nxc3 14. bxc3 Bxe4
15. Qxb7 Qb8 16. Qxb8+ Rxb8 17. Nd2 Bc2 18. Bf3 Rc8 19. Re1 Be7 20. Nc4 O-O 21.
Na5 Nd5 22. Bd2 Ba3 23. Nc4 Be7 24. Na5 Ba3 25. c4 Nb6 26. c5 Nd5 27. Nc4 Bb4
28. Bxb4 Nxb4 29. Nd6 Rb8 30. a3 Nd3 31. Re3 e5 32. Be4 exd4 33. Rxd3 f5 34.
Nxf5 Bxd3 35. Bxd3 Rb2 36. Nxd4 Rfxf2 37. Bf1 Rf6 38. Rd1 g6 39. Be2 a5 40. Bf3
Ra2 41. Bxc6 Rxa3 42. Bd5+ Kf8 43. Nb5 1-0

[Event "VIII Torneo Int. Ciudad de Las Palmas"]
[Site "Las Palmas"]
[Date "1979.07.27"]
[Round "3"]
[White "Vaganian, Rafael"]
[Black "Garcia Padron, Jose"]
[Result "1-0"]
[WhiteElo "2570"]
[BlackElo "2400"]
[PlyCount "75"]
[EventDate "1979.??.??"]

1. d4 d5 2. Nf3 e6 3. c4 Nf6 4. Nc3 Be7 5. Bg5 O-O 6. e3 Nbd7 7. Rc1 c6 8. Qc2
b6 9. cxd5 exd5 10. Bd3 Bb7 11. O-O Re8 12. Ne5 g6 13. f4 Nh5 14. Bxe7 Qxe7 15.
e4 dxe4 16. Bc4 Rf8 17. Nxe4 c5 18. Ng5 Nxe5 19. dxe5 b5 20. Bxf7+ Rxf7 21.
Nxf7 Qxf7 22. f5 gxf5 23. Rxf5 Qg6 24. e6 Re8 25. Qf2 Rxe6 26. g3 Nf6 27. Rf1
Kg7 28. Qxc5 h6 29. Qxa7 Qf7 30. Rxb5 Re7 31. Qb6 Be4 32. Qe3 Bc6 33. Re5 Rxe5
34. Qxe5 Qa7+ 35. Rf2 Qf7 36. h4 Kg6 37. g4 Nxg4 38. h5+ 1-0

[Event "VIII Torneo Int. Ciudad de Las Palmas"]
[Site "Las Palmas"]
[Date "1979.07.29"]
[Round "4"]
[White "Bellon Lopez, Juan Manuel"]
[Black "Suba, Mihai"]
[Result "1/2-1/2"]
[WhiteElo "2395"]
[BlackElo "2435"]
[PlyCount "51"]
[EventDate "1979.??.??"]

1. Nf3 Nf6 2. b3 g6 3. Bb2 Bg7 4. g3 d6 5. d4 c5 6. Bg2 Qa5+ 7. Qd2 Qxd2+ 8.
Nbxd2 Nfd7 9. O-O-O Nc6 10. Nc4 Rb8 11. e4 cxd4 12. Nxd4 Nxd4 13. Bxd4 Bxd4 14.
Rxd4 h5 15. h3 h4 16. g4 g5 17. Rd5 f6 18. Rf1 Ne5 19. Nxe5 fxe5 20. Kd2 Be6
21. Rd3 Rf8 22. Rf3 Kd7 23. Re1 Rxf3 24. Bxf3 Rf8 25. Re3 a5 26. a4 1/2-1/2

[Event "VIII Torneo Int. Ciudad de Las Palmas"]
[Site "Las Palmas"]
[Date "1979.07.29"]
[Round "4"]
[White "Betancort Curbelo, Juan Rafael"]
[Black "Geller, Efim P"]
[Result "0-1"]
[WhiteElo "2350"]
[BlackElo "2550"]
[PlyCount "58"]
[EventDate "1979.??.??"]

1. d4 Nf6 2. c4 g6 3. Nc3 Bg7 4. e4 d6 5. Nf3 O-O 6. Be2 e5 7. dxe5 dxe5 8. Bg5
Nbd7 9. Qd2 c6 10. O-O Nc5 11. Qc2 Qe7 12. Rfd1 Ne6 13. Bh4 Nf4 14. Ne1 Qc7 15.
Bg3 Be6 16. b3 Nd7 17. Rac1 f5 18. Bxf4 exf4 19. exf5 Bxf5 20. Qd2 Nc5 21. b4
Rad8 22. Nd5 Ne4 23. Nxc7 Nxd2 24. Bd3 Bxd3 25. Rxd2 Bf5 26. Re2 Rd7 27. Ne6
Re8 28. Nxf4 Rxe2 29. Nxe2 Bb2 0-1

[Event "VIII Torneo Int. Ciudad de Las Palmas"]
[Site "Las Palmas"]
[Date "1979.07.29"]
[Round "4"]
[White "Csom, Istvan"]
[Black "Fernandez Garcia, Jose Luis"]
[Result "1/2-1/2"]
[WhiteElo "2510"]
[BlackElo "2340"]
[PlyCount "106"]
[EventDate "1979.??.??"]

1. d4 Nf6 2. c4 g6 3. g3 Bg7 4. Bg2 d5 5. cxd5 Nxd5 6. Nf3 O-O 7. O-O Nc6 8.
Nc3 Nb6 9. e3 e5 10. d5 Na5 11. e4 Bg4 12. h3 Bxf3 13. Qxf3 c6 14. Rd1 cxd5 15.
Nxd5 Nc6 16. Be3 Nd4 17. Bxd4 exd4 18. Rac1 Nxd5 19. exd5 Qb6 20. Rc2 Rac8 21.
Rdc1 Rxc2 22. Rxc2 Re8 23. Bf1 Bf8 24. Bc4 Qd6 25. Bb3 a6 26. Kg2 Bg7 27. Ba4
Rd8 28. Bb3 Re8 29. h4 h5 30. Kf1 Bf6 31. Re2 Rxe2 32. Qxe2 d3 33. Qxd3 Bxb2
34. Qc2 Bd4 35. Qc8+ Kg7 36. Qxb7 Qf6 37. f4 Qf5 38. d6 Qd3+ 39. Kg2 Qe2+ 40.
Kh3 Qg4+ 41. Kh2 Qe2+ 42. Qg2 Qxg2+ 43. Kxg2 f5 44. Kf3 Kf6 45. Ke2 Bc5 46. d7
Bb6 47. a4 a5 48. Bg8 Kg7 49. Bd5 Kf6 50. Kd3 Ke7 51. Kc4 Bf2 52. Bf7 Kxd7 53.
Bxg6 Bxg3 1/2-1/2

[Event "VIII Torneo Int. Ciudad de Las Palmas"]
[Site "Las Palmas"]
[Date "1979.07.29"]
[Round "4"]
[White "Garcia Gonzales, Guillermo"]
[Black "Tatai, Stefano"]
[Result "1-0"]
[WhiteElo "2490"]
[BlackElo "2475"]
[PlyCount "171"]
[EventDate "1979.??.??"]

1. c4 Nf6 2. Nc3 c5 3. Nf3 g6 4. d4 cxd4 5. Nxd4 Nc6 6. Bg5 Bg7 7. Nb3 O-O 8.
e3 d6 9. Be2 Bf5 10. O-O Ne4 11. Nxe4 Bxe4 12. Qd2 Qb6 13. Rad1 h6 14. Bh4 Rfe8
15. f3 Bf5 16. Bf2 Qb4 17. Qxb4 Nxb4 18. e4 Be6 19. Nd4 Bxd4 20. Bxd4 Nxa2 21.
f4 f6 22. f5 Bf7 23. fxg6 Bxg6 24. c5 dxc5 25. Bxc5 Rac8 26. Ba3 Bxe4 27. Rd4
f5 28. Bb5 a5 29. Bxe8 Rxe8 30. Rfd1 b5 31. Bc5 Kf7 32. Rd7 Nb4 33. Bxb4 axb4
34. Rd8 Rxd8 35. Rxd8 b3 36. Kf2 e6 37. Rb8 Bd3 38. Ke3 Bf1 39. g3 Kf6 40. Kd4
Be2 41. Rh8 Kg7 42. Rc8 Kf6 43. Rc5 Bc4 44. h4 Bf1 45. Re5 Bc4 46. Re3 Bd5 47.
Kc5 Bc4 48. Kd6 Bd5 49. Re5 Kf7 50. Re1 Kf6 51. Ra1 Bc4 52. Ra8 e5 53. Re8 f4
54. g4 Be2 55. Re6+ Kg7 56. Kxe5 Bxg4 57. Re7+ Kg6 58. Kxf4 Bf5 59. h5+ Kf6 60.
Rb7 Bd3 61. Rb6+ Kg7 62. Re6 Bc4 63. Rg6+ Kh7 64. Rg2 Bf7 65. Rh2 Be6 66. Ke5
Bg4 67. Kf6 Bf3 68. Rh4 Be2 69. Rh1 Bf3 70. Rh2 Bg4 71. Ke7 Bd1 72. Rh3 Kg7 73.
Rg3+ Kh7 74. Kf6 Bxh5 75. Rxb3 Be2 76. Re3 Bc4 77. b3 Bg8 78. Re7+ Kh8 79. b4
Bc4 80. Kg6 Bd3+ 81. Kxh6 Kg8 82. Kg5 Kf8 83. Kf6 Bc4 84. Re3 Ba2 85. Ra3 Bd5
86. Rd3 1-0

[Event "VIII Torneo Int. Ciudad de Las Palmas"]
[Site "Las Palmas"]
[Date "1979.07.29"]
[Round "4"]
[White "Garcia Padron, Jose"]
[Black "Rivas Pastor, Manuel"]
[Result "1-0"]
[WhiteElo "2400"]
[BlackElo "2365"]
[PlyCount "79"]
[EventDate "1979.??.??"]

1. c4 e5 2. Nc3 Nf6 3. g3 d5 4. cxd5 Nxd5 5. Bg2 Ne7 6. Nf3 Nbc6 7. b4 a6 8.
Bb2 g6 9. O-O Bg7 10. a3 O-O 11. d3 Nf5 12. e3 h5 13. Qc2 h4 14. Rfe1 hxg3 15.
hxg3 Bd7 16. Ne4 b6 17. Rad1 Re8 18. d4 exd4 19. exd4 Nd6 20. Ne5 Nxd4 21. Bxd4
Bxe5 22. Bxe5 Rxe5 23. Nxd6 Rxe1+ 24. Rxe1 cxd6 25. Bxa8 Qxa8 26. Qe4 Bc6 27.
Qe7 a5 28. Rc1 Bh1 29. Kf1 axb4 30. axb4 Bg2+ 31. Ke1 d5 32. Qf6 Bh3 33. Qxb6
Qa3 34. Qb8+ Kh7 35. Qf4 d4 36. Qxf7+ Kh6 37. Qf8+ Kh5 38. Qh8+ Kg4 39. Qxd4+
Kf3 40. Rc3+ 1-0

[Event "VIII Torneo Int. Ciudad de Las Palmas"]
[Site "Las Palmas"]
[Date "1979.07.29"]
[Round "4"]
[White "Garriga Nualart, Josep"]
[Black "Dominguez Sanz, Juan Pedro"]
[Result "0-1"]
[WhiteElo "2300"]
[BlackElo "2275"]
[PlyCount "92"]
[EventDate "1979.??.??"]

1. c4 Nf6 2. Nc3 e6 3. e4 d6 4. d4 c5 5. dxc5 Qa5 6. Bd3 Qxc5 7. Be3 Qc7 8. h3
a6 9. Nf3 Be7 10. O-O O-O 11. Rc1 Nbd7 12. b4 b6 13. Qe2 Bb7 14. Nd2 Rac8 15.
Bc2 Qb8 16. Bb3 Rfe8 17. Rfd1 Qa8 18. Bf4 g6 19. Qd3 Ne5 20. Qe3 Ned7 21. Qd3
Rcd8 22. a3 Nh5 23. Be3 Bf8 24. Nf1 f5 25. f3 Nhf6 26. Ng3 Kh8 27. Rc2 Qb8 28.
Bf4 e5 29. Bg5 f4 30. Nf1 h6 31. Bh4 g5 32. Bf2 Kg7 33. Nd5 h5 34. g4 hxg4 35.
hxg4 Kg6 36. Ba4 b5 37. cxb5 Bxd5 38. exd5+ e4 39. fxe4 Ne5 40. Qe2 f3 41. Qe1
axb5 42. Bb3 Nfxg4 43. a4 Rd7 44. a5 Rh7 45. Ng3 Bg7 46. Rc3 Rh2 0-1

[Event "VIII Torneo Int. Ciudad de Las Palmas"]
[Site "Las Palmas"]
[Date "1979.07.29"]
[Round "4"]
[White "Ivkov, Borislav"]
[Black "Rodriguez Vargas, Orestes"]
[Result "1-0"]
[WhiteElo "2525"]
[BlackElo "2495"]
[Annotator "Oleinikov"]
[PlyCount "59"]
[EventDate "1979.??.??"]

{Ivkov,B: 'Inf 28/624'} 1. d4 Nf6 2. c4 e6 3. Nf3 b6 4. g3 Ba6 5. Qa4 Be7 (5...
c5 {- 28/(624)}) 6. Bg2 O-O 7. Nc3 c6 8. Bf4 $1 {A very important move with a
direct threat to win the Ba6 after B:b8. This is a good illustration of the
Qa4's "Anti-Ba6" position. Bf4 is D. Bronstein's invention and since 1953 it
is considered as the most unpleasant for Black. Ein sehr wichtiger Zug mit der
Drohung, den Ba6 nach B:b8 zu gewinnen. Dies zeigt schoen die Stellung der Qa4
als "Anti-Ba6". Bf4 ist D. Bronstein's Neuerung und seit 1953 gilt sie als die
unangenehmste Fortsetzung fuer Schwarz.} ({The "logical" Das "logische"} 8. O-O
{gives Black enough time to finish his queenside development with laesst
Schwarz genug Zeit, die Entwicklung seines Damenfluegels zu beenden:} d5 9. Ne5
(9. cxd5 cxd5 $11) 9... Qe8 10. Bf4 Bxc4 $1 11. Nxc4 b5 12. Qc2 bxc4 {
G. Timoshenko}) 8... Qc8 (8... Bb7 {looks like g that the Ba6 position has no
sense. sieht nach der Einsicht aus, dass die Stellung des Ba6 keinen Sinn
macht.} 9. e4 d5 10. exd5 cxd5 11. Ne5 $14) 9. O-O (9. Rc1 Qb7 10. d5 $14 {
is the main theory line. ist die theoretische Hauptvariante.}) 9... Qb7 10. Ne5
(10. d5 $5) 10... d5 11. cxd5 cxd5 12. Rfc1 b5 13. Qd1 {
Ivkov,B: ' ' The queen returns after giving way to the king's rook.} Nbd7 14.
Nd3 {Ivkov,B: '?'} (14. Nc6 $5 Qxc6 $140 15. Nxd5 $1) (14. a3 $1 Rfc8 15. Nd3 {
b4, Nc5}) 14... b4 {Ivkov,B: '='} 15. Na4 Rfc8 16. Bg5 Rxc1 17. Rxc1 Rc8 18.
Bxf6 Rxc1 19. Qxc1 Bxf6 (19... gxf6 $5) 20. Nac5 Nxc5 21. Nxc5 Qb5 {
Ivkov,B: '?'} (21... Qc8 $11) 22. Qf4 {Ivkov,B: '!'} h6 23. Qd6 {Ivkov,B: '+-!'
Suddenly the Ba6 becomes a target and instead of defending it Black decided to
sacrifice it: Ploetzlich wird der Ba6 ein Ziel und Schwarz opfert ihn, statt
ihn zu decken:} Bxd4 $5 (23... Bc8 24. Qc7 Ba6 (24... Qe8 25. e3) 25. Bf1) 24.
Nxa6 Qxe2 25. Qb8+ {Ivkov,B: '!'} (25. Qf4 $2 Bxf2+ 26. Qxf2 Qxa6 $44) 25...
Kh7 26. Qf4 Qxb2 $2 (26... e5 27. Qf5+ (27. Qxf7 Qxa6) 27... Kg8 28. Bxd5 Bxf2+
29. Kg2 Bg1+ $1 30. Kxg1 Qd1+ 31. Kf2 Qd2+ 32. Kf3 Qd1+ 33. Kg2 Qxd5+ 34. Qf3
Qc4 $13) 27. Qxf7 Qxa2 28. Bf1 $1 Qd2 29. Nxb4 Bxf2+ 30. Kh1 $1 (30. Qxf2 $2
Qxb4 $44) (30. Kh1 {Ivkov,B: '!'} Qe1 31. Kg2 Qe4+ 32. Kxf2) 1-0

[Event "VIII Torneo Int. Ciudad de Las Palmas"]
[Site "Las Palmas"]
[Date "1979.07.29"]
[Round "4"]
[White "Sanz Alonso, Francisco Javier"]
[Black "Vaganian, Rafael"]
[Result "0-1"]
[WhiteElo "2390"]
[BlackElo "2570"]
[PlyCount "88"]
[EventDate "1979.??.??"]

1. e4 e6 2. d4 d5 3. Nc3 Bb4 4. Bd2 Ne7 5. a3 Bxc3 6. bxc3 e5 7. exd5 Qxd5 8.
Qf3 Qe6 9. Bd3 Nbc6 10. Ne2 exd4 11. O-O Qg4 12. Nxd4 Qxf3 13. Nxf3 Bg4 14. Nd4
O-O-O 15. Rfe1 Nxd4 16. cxd4 Nc6 17. Bc3 Be6 18. Re4 Bf5 19. Re3 Bxd3 20. Rxd3
Rd5 21. Rad1 Re8 22. Kf1 Kd7 23. Re1 Re6 24. Rxe6 Kxe6 25. g4 g6 26. Re3+ Kd6
27. Rf3 f5 28. gxf5 Rxf5 29. Rxf5 gxf5 30. Ke2 Kd5 31. Ke3 b5 32. h4 a5 33. Kd3
a4 34. h5 Nd8 35. Bd2 Ne6 36. Be3 c6 37. h6 f4 38. Bc1 Nxd4 39. Bxf4 c5 40. Bd2
Nf5 41. Bf4 Ne7 42. Bd2 Nc8 43. c4+ bxc4+ 44. Ke3 Nd6 0-1

[Event "VIII Torneo Int. Ciudad de Las Palmas"]
[Site "Las Palmas"]
[Date "1979.07.30"]
[Round "5"]
[White "Dominguez Sanz, Juan Pedro"]
[Black "Garcia Padron, Jose"]
[Result "1-0"]
[WhiteElo "2275"]
[BlackElo "2400"]
[PlyCount "117"]
[EventDate "1979.??.??"]

1. e4 e5 2. Nf3 d6 3. d4 Nd7 4. Bc4 c6 5. c3 Be7 6. Qb3 d5 7. exd5 exd4 8. cxd4
b5 9. Bd3 Bb7 10. O-O Ngf6 11. Nc3 b4 12. dxc6 Bxc6 13. Ne2 Bxf3 14. gxf3 O-O
15. Ng3 Nb6 16. Re1 Nfd5 17. Ba6 Qd7 18. Bd2 Rad8 19. Rad1 Rfe8 20. a3 Nc7 21.
Bf1 bxa3 22. bxa3 Rb8 23. Qd3 Red8 24. Bf4 Nbd5 25. Be5 Bf8 26. Ne4 f6 27. Bg3
Rb6 28. Nc5 Qc8 29. Rc1 Bd6 30. Ne6 Bxg3 31. Nxd8 Bxh2+ 32. Kxh2 Qxd8 33. f4 f5
34. Qxf5 Qh4+ 35. Kg1 Rf6 36. Re8+ Nxe8 37. Qxd5+ Kf8 38. Bc4 Qg4+ 39. Kf1 Qh3+
40. Ke1 Qxa3 41. Rb1 Qd6 42. Qg8+ Ke7 43. Rb7+ Kd8 44. Bf7 Kc8 45. Rxa7 Kb8 46.
Ra2 Qe7+ 47. Re2 Qxf7 48. Rxe8+ Kc7 49. Rc8+ Kd6 50. Qd8+ Qd7 51. Qb6+ Ke7 52.
Qc5+ Qd6 53. Qa7+ Ke6 54. d5+ Kf5 55. Rc4 Kg6 56. Qd4 Kf7 57. Qe5 Qf8 58. Rc7+
Kg8 59. Re7 1-0

[Event "VIII Torneo Int. Ciudad de Las Palmas"]
[Site "Las Palmas"]
[Date "1979.07.30"]
[Round "5"]
[White "Fernandez Garcia, Jose Luis"]
[Black "Ivkov, Borislav"]
[Result "1/2-1/2"]
[WhiteElo "2340"]
[BlackElo "2525"]
[PlyCount "40"]
[EventDate "1979.??.??"]

1. e4 e5 2. Nf3 Nc6 3. Bb5 a6 4. Ba4 d6 5. Bxc6+ bxc6 6. d4 f6 7. Be3 Ne7 8.
Nc3 Ng6 9. Qe2 Be7 10. Qc4 Qd7 11. O-O-O a5 12. h4 Ba6 13. Qb3 Qc8 14. a3 Qb7
15. Qa2 Rb8 16. g3 h5 17. Rhg1 Qc8 18. dxe5 fxe5 19. Ng5 Bxg5 20. Bxg5 Qd7
1/2-1/2

[Event "VIII Torneo Int. Ciudad de Las Palmas"]
[Site "Las Palmas"]
[Date "1979.07.30"]
[Round "5"]
[White "Geller, Efim P"]
[Black "Garriga Nualart, Josep"]
[Result "1-0"]
[WhiteElo "2550"]
[BlackElo "2300"]
[Annotator "JesÃºs Remis FernÃ¡ndez"]
[PlyCount "67"]
[EventDate "1979.??.??"]

1. e4 e6 2. d4 d5 3. Nd2 Nf6 4. e5 Nfd7 5. Bd3 c5 6. c3 Nc6 7. Ne2 cxd4 8. cxd4
Nb6 9. O-O Bd7 10. a4 (10. Ng3 h5 11. Nf3 Be7 12. a3 a5 13. b3 a4 14. b4 Na7
15. Re1 Bb5 16. Bc2 Rc8 17. Bd2 Rc6 18. Ne2 Qc7 19. Rc1 Nc4 20. Bg5 Nb2 21. Qd2
Nc4 22. Qd1 Nxa3 23. Bxa4 Bxb4 24. Bd2 Qa5 25. Bxb5 N7xb5 26. Rxc6 bxc6 {
- Hermansson,E-Hedman,E/Hallstahammar 2001/EXT 2006 (26)}) (10. Re1 Rc8 11. a3
a5 12. Nf3 h6 13. Be3 Nc4 14. Bc1 Be7 15. b3 Nb6 16. Nf4 a4 17. b4 Na7 18. Qe2
Nc4 19. Nd2 Nxd2 20. Bxd2 Qb6 21. Qg4 g5 22. Nh5 Nb5 23. Bxb5 Bxb5 24. h4 Kd7 {
Blagojevic,T-Tasev,D/Belgrade 2014/CBM 163 Extra/1-0 (83)}) 10... Nb4 11. Bb1
Nc4 12. Nf3 b5 $146 (12... Be7 13. Nf4 h6 14. Ne1 Qb6 15. b3 Na5 16. Be3 Nbc6
17. Bc2 Nb4 18. Bb1 Nbc6 19. Bc2 Nb4 {
- Pliester,L-Vogel,J/Dieren 1979/EXT 2002 (19)}) 13. axb5 Bxb5 14. Nc3 Bc6 15.
b3 Nb6 16. Ng5 g6 17. Qf3 Qd7 18. Qf6 Rg8 19. Nxh7 Be7 20. Qf3 Qd8 21. Qg3 Rg7
22. Ng5 Kd7 23. h4 Qh8 24. Nf3 Rh7 25. Bg5 Nc8 26. Qf4 Bxg5 27. Nxg5 Rg7 28. g3
Ne7 29. Rc1 a6 30. Ra5 Bb5 31. Nxb5 Nbc6 32. Bd3 Nxa5 33. Rc7+ Kd8 34. Qxf7 (
34. Qxf7 Rxf7 35. Nxe6+ Ke8 36. Nd6#) 1-0

[Event "VIII Torneo Int. Ciudad de Las Palmas"]
[Site "Las Palmas"]
[Date "1979.07.30"]
[Round "5"]
[White "Rivas Pastor, Manuel"]
[Black "Sanz Alonso, Francisco Javier"]
[Result "1-0"]
[WhiteElo "2365"]
[BlackElo "2390"]
[PlyCount "143"]
[EventDate "1979.??.??"]

1. d4 Nf6 2. c4 e6 3. Nf3 Bb4+ 4. Bd2 a5 5. g3 O-O 6. Bg2 d6 7. O-O Bxd2 8.
Qxd2 Qe7 9. Nc3 e5 10. Rfe1 Re8 11. e4 Bg4 12. d5 Na6 13. Nh4 Nc5 14. b3 Bd7
15. Rab1 g6 16. a3 a4 17. b4 Nb3 18. Qd3 c5 19. dxc6 Bxc6 20. Nf3 Bd7 21. Red1
Be6 22. Nb5 Red8 23. Ng5 Ne8 24. Nxe6 fxe6 25. h4 b6 26. Qe3 Nc7 27. Nc3 Nd4
28. Ne2 Nxe2+ 29. Qxe2 b5 30. Rbc1 Rab8 31. c5 d5 32. exd5 exd5 33. Kh2 Rd7 34.
Bh3 Rdd8 35. Re1 Re8 36. c6 Qf6 37. Kg1 e4 38. Qd2 Rf8 39. Bg2 Rbe8 40. Re3 Re6
41. f3 exf3 42. Rxf3 Qe5 43. Rxf8+ Kxf8 44. Kh2 Kg7 45. Rc3 h6 46. Bf3 Qf6 47.
Qc2 Re8 48. Rd3 Qe5 49. Kg2 Re6 50. Qf2 Rxc6 51. Re3 Qf6 52. Qe2 Kf8 53. Bxd5
Rc3 54. Rxc3 Qxc3 55. Qf3+ Qxf3+ 56. Bxf3 Ke7 57. Kf2 Kf6 58. Ke3 Ke5 59. Be4
g5 60. hxg5 hxg5 61. Bg2 Ne6 62. Kf3 Kd4 63. Kg4 Kc3 64. Kf5 Nc7 65. Ke5 Kb3
66. Kd6 Na8 67. Bf1 Kxa3 68. Kc5 Kb3 69. Bxb5 a3 70. Bc4+ Ka4 71. Ba2 Nc7 72.
Kc4 1-0

[Event "VIII Torneo Int. Ciudad de Las Palmas"]
[Site "Las Palmas"]
[Date "1979.07.30"]
[Round "5"]
[White "Rodriguez Vargas, Orestes"]
[Black "Betancort Curbelo, Juan Rafael"]
[Result "1-0"]
[WhiteElo "2495"]
[BlackElo "2350"]
[PlyCount "79"]
[EventDate "1979.??.??"]

1. d4 Nf6 2. c4 e6 3. Nf3 d5 4. Nc3 c6 5. e3 Be7 6. Bd3 Nbd7 7. O-O dxc4 8.
Bxc4 b5 9. Bd3 Bb7 10. e4 b4 11. Na4 O-O 12. Qc2 h6 13. e5 Nd5 14. Qe2 Re8 15.
Bd2 N5b6 16. Qe4 Nf8 17. Nc5 Bxc5 18. dxc5 Nd5 19. a3 a5 20. Rfd1 f5 21. exf6
Qxf6 22. Ne5 Red8 23. Re1 Nc7 24. axb4 axb4 25. Rxa8 Rxa8 26. Qxb4 Ba6 27. Bxa6
Rxa6 28. Qb7 Qd8 29. Bc3 Ra4 30. Nxc6 Qd7 31. Ne5 Qe7 32. c6 Qd6 33. g3 Kh7 34.
Qb3 Ra8 35. Rd1 Nd5 36. Qb7 Qb8 37. Nd7 Nxd7 38. Qxd7 Nxc3 39. Qd3+ Kh8 40.
Qxc3 1-0

[Event "VIII Torneo Int. Ciudad de Las Palmas"]
[Site "Las Palmas"]
[Date "1979.07.30"]
[Round "5"]
[White "Suba, Mihai"]
[Black "Garcia Gonzales, Guillermo"]
[Result "0-1"]
[WhiteElo "2435"]
[BlackElo "2490"]
[PlyCount "76"]
[EventDate "1979.??.??"]

1. c4 e5 2. Nc3 Nc6 3. e3 g6 4. d4 d6 5. Nf3 Bg7 6. dxe5 Nxe5 7. Be2 Nxf3+ 8.
Bxf3 Ne7 9. Qd2 a5 10. O-O O-O 11. Rb1 a4 12. Qc2 Nc6 13. Bxc6 bxc6 14. e4 f5
15. Nxa4 fxe4 16. Be3 Qh4 17. Nc3 Bf5 18. Rfd1 Be5 19. g3 Qh5 20. Rd2 Bg4 21.
Qc1 Bf3 22. Qf1 g5 23. Bd4 Bf4 24. Be3 Rf6 25. Bxf4 gxf4 26. Rd4 Rh6 27. h4 Qe5
28. Rxe4 Bxe4 29. Re1 d5 30. cxd5 cxd5 31. Nxe4 dxe4 32. Qc4+ Qe6 33. Qxc7 Rf6
34. Qb7 Re8 35. Kh2 fxg3+ 36. fxg3 Rf2+ 37. Kg1 Rf3 38. Kg2 Qe5 0-1

[Event "VIII Torneo Int. Ciudad de Las Palmas"]
[Site "Las Palmas"]
[Date "1979.07.30"]
[Round "5"]
[White "Tatai, Stefano"]
[Black "Csom, Istvan"]
[Result "1-0"]
[WhiteElo "2475"]
[BlackElo "2510"]
[PlyCount "51"]
[EventDate "1979.??.??"]

1. d4 Nf6 2. c4 e6 3. Nf3 d5 4. Nc3 Nbd7 5. Bg5 Be7 6. e3 O-O 7. Rc1 a6 8. a4
c5 9. Be2 Qa5 10. cxd5 Nxd5 11. Bxe7 Nxe7 12. O-O cxd4 13. Qxd4 Nc6 14. Qh4 Nf6
15. Rfd1 Bd7 16. Ng5 h6 17. Nge4 Nxe4 18. Nxe4 Rad8 19. b4 Nxb4 20. Rc5 Bb5 21.
Rxd8 Rxd8 22. axb5 Na2 23. Bf1 Rd1 24. Rc8+ Kh7 25. Ng5+ Kg6 26. Qe4+ 1-0

[Event "VIII Torneo Int. Ciudad de Las Palmas"]
[Site "Las Palmas"]
[Date "1979.07.30"]
[Round "5"]
[White "Vaganian, Rafael"]
[Black "Bellon Lopez, Juan Manuel"]
[Result "1-0"]
[WhiteElo "2570"]
[BlackElo "2395"]
[PlyCount "97"]
[EventDate "1979.??.??"]

1. Nf3 d5 2. d4 Nd7 3. Bf4 c6 4. Nbd2 Ngf6 5. c3 Nh5 6. Be3 g6 7. g4 Nhf6 8. h3
Bg7 9. Bf4 O-O 10. e3 Ne4 11. Nxe4 dxe4 12. Ng5 e5 13. dxe5 Bxe5 14. Bxe5 Qxg5
15. Bf4 Qf6 16. Qd4 Qxd4 17. exd4 Re8 18. O-O-O Nb6 19. c4 f6 20. b3 a5 21. Bg2
a4 22. Kb2 f5 23. Bc7 Ra6 24. Rde1 Be6 25. gxf5 Bxf5 26. Bxb6 Rxb6 27. Re3 axb3
28. axb3 Ra6 29. Rhe1 Rea8 30. Kc3 Ra2 31. R1e2 g5 32. Bxe4 Rxe2 33. Rxe2 Bxh3
34. d5 Rc8 35. Re3 Bd7 36. Bxh7+ Kxh7 37. Re7+ Kg6 38. Rxd7 cxd5 39. Rxd5 Rf8
40. Rd2 Rf3+ 41. Kb4 b6 42. Ka4 Kh5 43. b4 Rf5 44. Rc2 Kg4 45. c5 bxc5 46. bxc5
Kf3 47. c6 g4 48. c7 Rf8 49. Kb5 1-0

[Event "VIII Torneo Int. Ciudad de Las Palmas"]
[Site "Las Palmas"]
[Date "1979.07.31"]
[Round "6"]
[White "Bellon Lopez, Juan Manuel"]
[Black "Rivas Pastor, Manuel"]
[Result "1-0"]
[WhiteElo "2395"]
[BlackElo "2365"]
[PlyCount "111"]
[EventDate "1979.??.??"]

1. e4 c5 2. Ne2 e6 3. d4 cxd4 4. Nxd4 a6 5. Nc3 b5 6. Bd3 Bb7 7. O-O d6 8. Re1
Nd7 9. a4 b4 10. Na2 a5 11. c3 bxc3 12. Nxc3 Ngf6 13. Bb5 Be7 14. Nc6 Bxc6 15.
Bxc6 Rc8 16. Bb5 O-O 17. Bf4 Ne5 18. Qe2 Qb6 19. Be3 Qb8 20. h3 Nc6 21. Rac1
Nb4 22. Bf4 Qb7 23. Red1 Rfd8 24. Bd2 h6 25. Be1 d5 26. exd5 exd5 27. Qf3 Qb6
28. Ne2 Rxc1 29. Rxc1 Ne4 30. Nf4 Bg5 31. h4 Bxh4 32. Nxd5 Nxd5 33. Qxe4 Bf6
34. Rc6 Qa7 35. Bd3 Nb4 36. Bxb4 axb4 37. Ra6 Qc5 38. b3 Qc1+ 39. Kh2 Qc7+ 40.
g3 Rb8 41. Kg2 Bc3 42. Ra8 g6 43. Qc4 Qd8 44. Bxg6 Kh8 45. Qxf7 Bg7 46. Rxb8
Qxb8 47. a5 Qa8+ 48. f3 Qc6 49. a6 Qb5 50. a7 Qe2+ 51. Kh3 Qf1+ 52. Kh4 Qh1+
53. Kg4 h5+ 54. Bxh5 Qa1 55. Qe8+ Kh7 56. Qe4+ 1-0

[Event "VIII Torneo Int. Ciudad de Las Palmas"]
[Site "Las Palmas"]
[Date "1979.07.31"]
[Round "6"]
[White "Betancort Curbelo, Juan Rafael"]
[Black "Garriga Nualart, Josep"]
[Result "1-0"]
[WhiteElo "2350"]
[BlackElo "2300"]
[PlyCount "71"]
[EventDate "1979.??.??"]

1. d4 Nf6 2. c4 g6 3. Nc3 Bg7 4. e4 d6 5. f3 O-O 6. Be3 c6 7. Qd2 a6 8. a4 a5
9. Nge2 Na6 10. g4 Nb4 11. Ng3 Nd7 12. Rd1 Qc7 13. Be2 e5 14. dxe5 Nxe5 15. O-O
Be6 16. b3 Rfd8 17. Rc1 Rac8 18. Bd4 f6 19. f4 Nxg4 20. f5 gxf5 21. exf5 Bh6
22. Rf4 Ne5 23. fxe6 Ng6 24. Be3 d5 25. Rd4 Bxe3+ 26. Qxe3 Qe5 27. Qxe5 fxe5
28. Rdd1 Nf4 29. Bg4 Rc7 30. cxd5 cxd5 31. Nce2 Rg7 32. Bf3 e4 33. Nxf4 exf3
34. Nxd5 Rxg3+ 35. hxg3 Nxd5 36. Rxd5 1-0

[Event "VIII Torneo Int. Ciudad de Las Palmas"]
[Site "Las Palmas"]
[Date "1979.07.31"]
[Round "6"]
[White "Csom, Istvan"]
[Black "Suba, Mihai"]
[Result "1/2-1/2"]
[WhiteElo "2510"]
[BlackElo "2435"]
[PlyCount "112"]
[EventDate "1979.??.??"]

1. Nf3 Nf6 2. c4 c5 3. g3 b6 4. Bg2 Bb7 5. O-O e6 6. Nc3 Be7 7. d4 cxd4 8. Qxd4
d6 9. Rd1 a6 10. Ng5 Bxg2 11. Kxg2 Nc6 12. Qf4 Ra7 13. Nge4 Rd7 14. Nxf6+ Bxf6
15. Qe4 Ne7 16. Rd3 O-O 17. Bf4 Ng6 18. Rad1 Nxf4+ 19. Qxf4 Be5 20. Qf3 Qc7 21.
b3 Rc8 22. a4 h6 23. Nb1 Rb8 24. Qe3 Qc6+ 25. Kg1 Bf6 26. Nc3 Bxc3 27. Rxc3 Rc8
28. Rcd3 Rcd8 29. Qf4 Qc5 30. Qd2 Qg5 31. Qc3 Qc5 32. Qd2 Qg5 33. Qe1 Qc5 34.
h4 d5 35. Rd4 e5 36. Rxd5 Rxd5 37. cxd5 Rxd5 38. Rxd5 Qxd5 39. Qb1 a5 40. Qc2
e4 41. Kf1 Qe5 42. Qc8+ Kh7 43. Qc4 f5 44. Qf7 Qc5 45. Qe6 h5 46. Kg2 g6 47.
Qf6 Qc7 48. Qe6 Kg7 49. f3 Qc2 50. Qe5+ Kg8 51. Qe8+ Kg7 52. Qd7+ Kf6 53. Qd4+
Kf7 54. Qd7+ Kf6 55. Qd8+ Kf7 56. Qd7+ Kf6 1/2-1/2